LIBRARY & INFORMATION CENTRE, KCAET, TAVANUR

ONLINE PUBLIC ACCESS CATALOGUE (OPAC)

Food and Health / (Record no. 1008)

MARC details
000 -LEADER
fixed length control field 00387cam a2200157ua 4500
041 ## - LANGUAGE CODE
Language code of text/sound track or separate title eng
082 ## - DEWEY DECIMAL CLASSIFICATION NUMBER
Classification number 614.3
Item number BAR/FO
100 ## - MAIN ENTRY--AUTHOR NAME
Personal name Barbara callow, A .
245 ## - TITLE STATEMENT
Title Food and Health /
250 ## - EDITION STATEMENT
Edition statement 3 /
260 ## - PUBLICATION, DISTRIBUTION, ETC. (IMPRINT)
Place of publication :
Name of publisher Oxford at the Clarendon Press ,
Year of publication 1946.
300 ## - PHYSICAL DESCRIPTION
Number of Pages 184 ; .
942 ## - ADDED ENTRY ELEMENTS (KOHA)
Koha item type Books
Holdings
Withdrawn status Lost status Damaged status Home library Current library Date acquired Full call number Accession Number Koha item type
      KAUAET KAUAET 07/04/2012 614.3 BAR/FO 4205 Books
      KAUAET KAUAET 01/08/2018 614.3 BAR/FO 3559 Books
free website counter